000 00744nam a2200217Ia 4500
003 GCL
008 140319s9999 xx 000 0 ara d
040 _aGCL /
_cGCL
082 0 4 _a220
_bب د
100 1 _aبدران ابوالعنين بدران
245 1 0 _aدراسات حول القران : حقيقتة , ترجمتة , نزولة , احرفة , تاريخة?, جمعة , ترتيبة?, قراءاتة , تفسيرة /
_cبدران ابوالعنين بدران
300 _a112 ص
490 _a
650 0 4 _aسور وايات
650 0 4 _aنزول القران
650 0 4 _aجمع وتدوين
650 0 4 _aالاعجاز العلمى للقران
650 0 4 _aتفسير
650 0 4 _aالقران
942 _2ddc
_cBK
999 _c39269
_d39269